Nos amis les insectes #1 Le moustique - Statistiques

Statistiques générales
  • Ce quiz a été pris 57 fois
  • Le résultat moyen est 10 sur 22
Statistiques - réponses
Indice Réponse % Correct
Seul continent où ils ne sont pas présents Antarctique
92%
Nombre de paires d'ailes qu'ils possèdent 1
90%
Milieu où se développent les larves Eau
82%
Seule la moitié des moustiques pique. Laquelle ? Les femelles
82%
Organe piqueur et suceur de sang Trompe
78%
Principale maladie virale transmise par les moustiques, responsable de plus de 30 000 décès annuels malgré l'existence d'un vaccin efficace Fièvre {jaune}
72%
Espèce de moustique particulièrement invasive Moustique-tigre
68%
Maladie parasitaire transmise par les moustiques (plus de 400 000 morts par an) Paludisme
68%
Le mot français "moustique" est dérivé de ce mot espagnol également utilisé en anglais pour désigner cet animal Mosquito
66%
Qu'est-ce qui, chez l'humain, attire les moustiques piqueurs ? Son odeur | le CO2 qu'il émet
62%
Période d'apparition des moustiques au cours de l'évolution (et Spielberg n'en a pas parlé !) Jurassique
58%
Autres maladies virales transmises par les moustiques, responsables de nombreux décès, contre lesquelles aucun vaccin n'a encore été développé Dengue | Chikungunya | Zika
48%
Seul territoire où ils sont absents, en dehors du continent précédent Islande
32%
Pour quel phénomène physiologique le repas de sang leur est-il nécessaire ? La ponte
26%
Cette dernière est désormais implantée sur tout le territoire métropolitain. La dernière région à être infestée est la Normandie
26%
Ordre d'insectes auquel appartiennent les moustiques Diptères
24%
En revanche, il y a du Moustic dans cette Présipauté Groland
24%
Principal aliment des moustiques Nectar
20%
Une nouvelle espèce de moustiques a été récemment découverte dans ce biotope très particulier... (indice : Tube) Le métro de Londres
8%
Type de maladie due à des vers, transmise par les moustiques Filariose
2%
A quel pays insulaire est rattachée l'île Moustique ? Saint-Vincent et les Grenadines
0%
Auteur américain du roman "Moustiques" (1927), prix Nobel de littérature en 1949 William Faulkner
0%
Aucun quiz correspondant
Distribution des résultats
% des personnes avec chaque résultat
Percentile par nombre de réponses
Votre historique - résultats
Vous n’avez pas pris ce quiz